Handbook on biodegradable plastics : (Record no. 135650)

MARC details
000 -LEADER
fixed length control field 00714nam a22002177a 4500
005 - DATE AND TIME OF LATEST TRANSACTION
control field 20170124110248.0
010 ## - LIBRARY OF CONGRESS CONTROL NUMBER
LC control number B-209621
020 ## - INTERNATIONAL STANDARD BOOK NUMBER
Terms of availability 600.00
International Standard Book Number 8186623531
035 ## - SYSTEM CONTROL NUMBER
System control number B-209621
037 ## - SOURCE OF ACQUISITION
Source of stock number/acquisition Cen Lib/Ret
040 ## - CATALOGING SOURCE
Original cataloging agency DPL
Language of cataloging EN
082 ## - DEWEY DECIMAL CLASSIFICATION NUMBER
Classification number 668.4
Item number HAN
110 ## - MAIN ENTRY--CORPORATE NAME
Corporate name or jurisdiction name as entry element Delhi.National Institute of Industrial Research
9 (RLIN) 97932
245 ## - TITLE STATEMENT
Title Handbook on biodegradable plastics :
Remainder of title eco-friendly plastics /
260 ## - PUBLICATION, DISTRIBUTION, ETC. (IMPRINT)
Name of publisher, distributor, etc National Institute of Industrial Research
Place of publication, distribution, etc Delhi
270 ## - ADDRESS
City Delhi
Address 106-E, Kamla Nagar
Postal code 110007
300 ## - PHYSICAL DESCRIPTION
Extent 274p.
Dimensions 19cm(pbk)
650 ## - SUBJECT ADDED ENTRY--TOPICAL TERM
Topical term or geographic name as entry element Handbook -- biodegradable wastes
9 (RLIN) 97933
650 ## - SUBJECT ADDED ENTRY--TOPICAL TERM
Topical term or geographic name as entry element Plastic waste management
9 (RLIN) 97934
942 ## - ADDED ENTRY ELEMENTS (KOHA)
Source of classification or shelving scheme Dewey Decimal Classification
Koha item type English Books
Classification part 668.4
Call number suffix HAN
Holdings
Withdrawn status Lost status Damaged status Not for loan Home library Current library Date acquired Source of acquisition Cost, normal purchase price Total Checkouts Full call number Barcode Date last seen Copy number Cost, replacement price Price effective from Koha item type
        Central Library Central Library 07/10/2015 Cen Lib/Ret 600.00   668.4 HAN B-209621 07/10/2015 1 600.00 07/10/2015 English Books

© Delhi Public Library
Hit Counter
free hit counter